[Event "I Festival A"]
[Site "Roseto degli Abruzzi ITA"]
[Date "2010.06.04"]
[Round "1"]
[White "Seyfried, Claus"]
[Black "Samolins, Vitalijs"]
[WhiteElo "2087"]
[BlackElo "2426"]
[Result "0-1"]
[PlyCount "56"]
[EventDate "2010.06.04"]

1. e4 e5 2. Nf3 Nc6 3. Bc4 Bc5 4. O-O Nf6 5. d4 Bxd4 6. Nxd4 Nxd4 7. Bg5 d6 8.
f4 Qe7 9. Nd2 Be6 10. c3 Bxc4 11. Nxc4 Ne6 12. Ne3 Qd7 13. Bxf6 gxf6 14. Nd5
O-O-O 15. f5 Nc5 16. Qe2 c6 17. Nb4 Rhg8 18. Rad1 Qc7 19. Kh1 Qb6 20. Rd2 h5
21. Nd3 Nxd3 22. Rxd3 d5 23. b3 dxe4 24. Qxe4 Qa6 25. Rfd1 Qxa2 26. Rxd8+ Rxd8
27. Rxd8+ Kxd8 28. Qd3+ Ke7 0-1

[Event "I Festival A"]
[Site "Roseto degli Abruzzi ITA"]
[Date "2010.06.04"]
[Round "1"]
[White "Sveshnikov, Evgeny E."]
[Black "Ori, Marco"]
[WhiteElo "2493"]
[BlackElo "2106"]
[Result "1-0"]
[PlyCount "57"]
[EventDate "2010.06.04"]

1. e4 c6 2. d4 d5 3. exd5 cxd5 4. Nf3 Nf6 5. Bf4 Nc6 6. c3 Bg4 7. Nbd2 e6 8.
Qb3 Qb6 9. Ne5 Bf5 10. Qxb6 axb6 11. Bb5 Rc8 12. a4 Be7 13. Nxc6 bxc6 14. Ba6
O-O 15. Bxc8 Rxc8 16. O-O Bd8 17. Rfc1 Nh5 18. Be3 Bd3 19. c4 f5 20. Rc3 dxc4
21. Nxc4 Bxc4 22. Rxc4 f4 23. Bd2 Bf6 24. Rac1 Kf7 25. g4 fxg3 26. hxg3 g5 27.
Rxc6 Rxc6 28. Rxc6 Bxd4 29. Bc3 1-0

[Event "I Festival A"]
[Site "Roseto degli Abruzzi ITA"]
[Date "2010.06.04"]
[Round "1"]
[White "Vuelban, Virgilio"]
[Black "Braschi, Giancarlo"]
[WhiteElo "2369"]
[BlackElo "2062"]
[Result "1-0"]
[PlyCount "49"]
[EventDate "2010.06.04"]

1. e4 c5 2. Nf3 d6 3. d4 cxd4 4. Nxd4 Nf6 5. Nc3 a6 6. Be3 e5 7. Nb3 Be6 8. Qd2
b5 9. f3 Nbd7 10. a4 b4 11. Nd5 Bxd5 12. exd5 Nb6 13. Bxb6 Qxb6 14. a5 Qa7 15.
Ra4 e4 16. fxe4 Nxe4 17. Qd4 Nc5 18. Rxb4 O-O-O 19. Nxc5 dxc5 20. Qg4+ Kc7 21.
Rb6 Rd6 22. Qf4 g5 23. Qxf7+ Rd7 24. Qf6 Bg7 25. Qc6+ 1-0

[Event "I Festival A"]
[Site "Roseto degli Abruzzi ITA"]
[Date "2010.06.05"]
[Round "2"]
[White "Barlocco, Carlo"]
[Black "Cocchi, Andrea"]
[WhiteElo "2156"]
[BlackElo "2244"]
[Result "1/2-1/2"]
[PlyCount "100"]
[EventDate "2010.06.04"]

1. d4 g6 2. e4 Bg7 3. Nf3 d6 4. h3 Nd7 5. Bd3 e5 6. c3 Ngf6 7. O-O O-O 8. Re1
Re8 9. Nbd2 Nh5 10. Nc4 h6 11. Bf1 Qe7 12. a4 Nb6 13. a5 Nxc4 14. Bxc4 c6 15.
dxe5 dxe5 16. b4 Qf6 17. Be3 Nf4 18. Bxf4 Qxf4 19. Qd3 Bf8 20. Rad1 Qf6 21. Rd2
Be7 22. Qe3 Kg7 23. Red1 h5 24. Ne1 Qh4 25. Nf3 Qf6 26. Ne1 Bd8 27. Qf3 Bc7 28.
Qxf6+ Kxf6 29. Nc2 Be6 30. Bxe6 Kxe6 31. Rd7 Red8 32. Rxd8 Bxd8 33. Kf1 Bg5 34.
Ke2 f5 35. f3 fxe4 36. fxe4 Rf8 37. Ne3 Rf4 38. Kd3 Rf2 39. Rd2 Rxd2+ 40. Kxd2
Kf6 41. Kd3 Bxe3 42. Kxe3 h4 43. Kd3 Kg5 44. Ke3 b5 45. Kf3 Kh5 46. Ke3 a6 47.
Kf2 g5 48. Kf3 g4+ 49. Kf2 Kg5 50. Ke3 Kh5 1/2-1/2

[Event "I Festival A"]
[Site "Roseto degli Abruzzi ITA"]
[Date "2010.06.05"]
[Round "2"]
[White "Di Donatantonio, Franco"]
[Black "Marholev, Dimitar"]
[WhiteElo "2136"]
[BlackElo "2433"]
[Result "0-1"]
[PlyCount "42"]
[EventDate "2010.06.04"]

1. d3 e5 2. Nf3 Nc6 3. e4 g6 4. Be2 Bg7 5. O-O Nge7 6. c3 O-O 7. Nbd2 d6 8. Re1
h6 9. Nf1 f5 10. exf5 gxf5 11. Qa4 f4 12. Qc2 Kh8 13. Bd2 Bf5 14. h3 Ng6 15.
Rad1 Qc8 16. N3h2 Nh4 17. Bg4 h5 18. Bxh5 Bxh3 19. Bf3 Nxf3+ 20. gxf3 Bf6 21.
Ng3 Rg8 0-1

[Event "I Festival A"]
[Site "Roseto degli Abruzzi ITA"]
[Date "2010.06.05"]
[Round "2"]
[White "Lauria, Amilcare"]
[Black "Bellincampi, Stefano"]
[WhiteElo "2116"]
[BlackElo "2046"]
[Result "1-0"]
[PlyCount "143"]
[EventDate "2010.06.04"]

1. e4 e5 2. Nf3 Nc6 3. Bb5 Nf6 4. c3 Bc5 5. O-O O-O 6. d4 Bb6 7. dxe5 Nxe4 8.
Qe2 d5 9. Nbd2 Nxd2 10. Bxd2 Bg4 11. Rfe1 Re8 12. Bxc6 bxc6 13. h3 Bh5 14. Bf4
Qd7 15. Kh2 Qf5 16. Bg3 Bxf3 17. Qxf3 Qxf3 18. gxf3 Re6 19. f4 f5 20. Rad1 Rd8
21. Rd3 Kf7 22. Red1 a5 23. b3 Rg8 24. Rc1 h6 25. c4 dxc4 26. Rxc4 g5 27. Rc2
Reg6 28. Rf3 c5 29. fxg5 Rxg5 30. Rc4 Ke6 31. Rd3 R5g7 32. Rh4 Rg6 33. Kg2 R8g7
34. Kf3 Rd7 35. Rxd7 Kxd7 36. Ke2 Ke6 37. Kd3 Kd5 38. Rh5 Ke6 39. Kc4 c6 40.
Bf4 Ba7 41. a4 Bb6 42. f3 Ba7 43. Rxh6 Rxh6 44. Bxh6 Kxe5 45. Bd2 Bb6 46. h4
Kf6 47. h5 Kg7 48. Bg5 Kh7 49. Kd3 Kg7 50. Ke2 Bc7 51. Ke3 Kh7 52. Bf4 Bb6 53.
Ke2 Kg7 54. Kf1 Kh7 55. Kg2 Kg7 56. Kg3 Kh7 57. Kh4 Bd8+ 58. Bg5 Bb6 59. Be7 c4
60. bxc4 Be3 61. Bg5 Bb6 62. Kg3 Bc7+ 63. Kf2 Bb6+ 64. Ke2 Kg7 65. Kd3 Kh7 66.
Be3 Bc7 67. Kd4 Bb6+ 68. c5 Bc7 69. Bg5 Kg7 70. Be7 Kh6 71. Bd6 Bd8 72. Ke5 1-0

[Event "I Festival A"]
[Site "Roseto degli Abruzzi ITA"]
[Date "2010.06.05"]
[Round "2"]
[White "Ori, Marco"]
[Black "Luigini, Ottavio"]
[WhiteElo "2106"]
[BlackElo "2067"]
[Result "1-0"]
[PlyCount "143"]
[EventDate "2010.06.04"]

1. e4 e5 2. Nc3 Nf6 3. f4 d5 4. fxe5 Nxe4 5. d3 Nxc3 6. bxc3 Be7 7. d4 O-O 8.
Bd3 c5 9. Qh5 g6 10. Qh6 c4 11. Be2 f6 12. Nf3 Nc6 13. exf6 Bxf6 14. O-O Bg7
15. Qg5 Bf5 16. Ba3 Re8 17. Qd2 Qa5 18. Bb4 Qa4 19. Bd1 Rac8 20. Bd6 Rcd8 21.
Bf4 Qa5 22. Rf2 Qa3 23. Nh4 Be4 24. Bf3 b5 25. Bg5 Rb8 26. Bh6 Bxh6 27. Qxh6
Qxc3 28. Rd1 Nxd4 29. Bxe4 Rxe4 30. Nxg6 Re1+ 31. Rf1 Qe3+ 32. Qxe3 Rxe3 33.
Rxd4 hxg6 34. Rxd5 Rb7 35. Rb1 a6 36. Rd6 Ra3 37. Rxg6+ Kh7 38. Rg4 Rxa2 39.
Rxc4 bxc4 40. Rxb7+ Kg8 41. Ra7 a5 42. h4 c3 43. Kh2 Rxc2 44. Rxa5 Rc1 45. Ra7
Rb1 46. Rc7 Rb3 47. h5 Kh8 48. Kh3 c2+ 49. Kh4 Rb4+ 50. g4 Rb2 51. h6 Rb6 52.
Kh5 Rb8 53. Rxc2 Ra8 54. Rc7 Rb8 55. g5 Ra8 56. Rf7 Rb8 57. Kg6 Ra8 58. Re7
Rg8+ 59. Kf6 Rf8+ 60. Rf7 Ra8 61. Rd7 Rf8+ 62. Ke7 Rf1 63. Ke6 Kg8 64. Rg7+ Kh8
65. Rf7 Ra1 66. Kf6 Ra8 67. Kg6 Rg8+ 68. Kh5 Ra8 69. g6 Ra5+ 70. Kg4 Ra8 71.
Kg5 Rb8 72. g7+ 1-0

[Event "I Festival A"]
[Site "Roseto degli Abruzzi ITA"]
[Date "2010.06.05"]
[Round "2"]
[White "Pap, Misa"]
[Black "Vuelban, Virgilio"]
[WhiteElo "2504"]
[BlackElo "2369"]
[Result "1-0"]
[PlyCount "63"]
[EventDate "2010.06.04"]

1. e4 e6 2. d4 d5 3. e5 c5 4. c3 Nc6 5. Nf3 Qb6 6. Bd3 cxd4 7. cxd4 Bd7 8. O-O
Nxd4 9. Nbd2 Bc5 10. b4 Qxb4 11. Nxd4 Bxd4 12. Rb1 Qc3 13. Nf3 Bb6 14. Bb2 Qa5
15. Ng5 Nh6 16. Qe2 Qa4 17. Bc3 Qg4 18. Qd2 Bc6 19. h3 Qh4 20. Bb4 g6 21. Nf3
Qh5 22. Qf4 O-O-O 23. Be7 Nf5 24. Kh2 Qh6 25. Bg5 Qf8 26. g4 Ne7 27. Nd4 Bc7
28. Bf6 g5 29. Qxg5 Ng6 30. Qe3 Qa3 31. Rfc1 Kd7 32. Rxb7 1-0

[Event "I Festival A"]
[Site "Roseto degli Abruzzi ITA"]
[Date "2010.06.05"]
[Round "2"]
[White "Pienabarca, Nicola"]
[Black "Procacci, Sergio"]
[WhiteElo "2097"]
[BlackElo "2060"]
[Result "1/2-1/2"]
[PlyCount "108"]
[EventDate "2010.06.04"]

1. d4 f5 2. Nf3 Nf6 3. c4 e6 4. e3 b6 5. Be2 Bb7 6. a3 Be7 7. Nc3 Ne4 8. Nxe4
fxe4 9. Nd2 O-O 10. O-O Bd6 11. g3 Qg5 12. Qc2 Qg6 13. d5 exd5 14. cxd5 Bxd5
15. Bc4 Bxc4 16. Qxc4+ Kh8 17. Qxe4 Qxe4 18. Nxe4 Be7 19. Rd1 c6 20. Nc3 d5 21.
e4 Bc5 22. Be3 Bxe3 23. fxe3 dxe4 24. Nxe4 Na6 25. Rd6 c5 26. Rad1 h6 27. Nc3
Nc7 28. Rc6 Ne8 29. Rd7 Rf6 30. Rxf6 Nxf6 31. Rb7 Re8 32. Rxa7 Rxe3 33. Rb7 Re6
34. Kg2 Kh7 35. Kf3 Kg6 36. g4 Rd6 37. h3 Rd3+ 38. Kf4 Rxh3 39. Rxb6 Rh4 40.
Kf3 Rh3+ 41. Kg2 Rh4 42. Kf3 Rh3+ 43. Kf2 Kg5 44. a4 Rh4 45. a5 Rxg4 46. a6
Ne4+ 47. Nxe4+ Rxe4 48. Rb3 Re8 49. Rb5 Ra8 50. Rxc5+ Kf6 51. Ra5 Ke6 52. Ra3
Kd6 53. Rg3 Kc5 54. Rxg7 Kd5 1/2-1/2

[Event "I Festival A"]
[Site "Roseto degli Abruzzi ITA"]
[Date "2010.06.05"]
[Round "2"]
[White "Rombaldoni, Axel"]
[Black "Naumkin, Igor"]
[WhiteElo "2436"]
[BlackElo "2480"]
[Result "1-0"]
[PlyCount "77"]
[EventDate "2010.06.04"]

1. e4 e6 2. d4 d5 3. Nc3 Bb4 4. a3 Bxc3+ 5. bxc3 dxe4 6. Qg4 Nf6 7. Qxg7 Rg8 8.
Qh6 c5 9. Ne2 Rg6 10. Qd2 Nbd7 11. g3 b6 12. Bg2 Bb7 13. O-O Rc8 14. a4 Qc7 15.
a5 b5 16. a6 Bc6 17. dxc5 e5 18. c4 bxc4 19. Nc3 Nxc5 20. Qe3 Ne6 21. Nxe4 Nxe4
22. Bxe4 Bxe4 23. Qxe4 Kf8 24. Rb1 Nd4 25. f4 Qc6 26. Qxe5 Nf3+ 27. Rxf3 Qxf3
28. Be3 Rxa6 29. Bd4 f6 30. Qf5 Re8 31. Qxh7 Qd5 32. c3 Rae6 33. Qh8+ Kf7 34.
Rb7+ R8e7 35. Qh7+ Kf8 36. Rb8+ Re8 37. Qh8+ Kf7 38. Rxe8 Rxe8 39. Qxf6+ 1-0

[Event "I Festival A"]
[Site "Roseto degli Abruzzi ITA"]
[Date "2010.06.05"]
[Round "2"]
[White "Rotstein, Arkadij"]
[Black "Ansell, Simon T."]
[WhiteElo "2538"]
[BlackElo "2384"]
[Result "0-1"]
[PlyCount "110"]
[EventDate "2010.06.04"]

1. d4 d5 2. c4 c6 3. Nf3 Nf6 4. e3 Bg4 5. Qb3 Qb6 6. Nc3 Bxf3 7. gxf3 dxc4 8.
Bxc4 Qxb3 9. axb3 e6 10. e4 Nbd7 11. O-O Be7 12. d5 Ne5 13. dxe6 fxe6 14. Be2
Ned7 15. f4 Nc5 16. Be3 Nxb3 17. Rxa7 Rxa7 18. Bxa7 Bc5 19. Bxc5 Nxc5 20. e5
Nd5 21. Nxd5 exd5 22. f5 O-O 23. Bg4 h5 24. Bh3 Ra8 25. Kg2 Nd3 26. f4 Ra4 27.
Kg3 h4+ 28. Kxh4 Nxe5 29. Kg5 Nd7 30. Bg4 Nf6 31. Bf3 Kf7 32. Re1 Rb4 33. Re2
Rb3 34. Bh5+ Nxh5 35. Kxh5 d4 36. Kg4 d3 37. Rd2 Kf6 38. h4 c5 39. h5 c4 40.
Rh2 Kf7 41. Rd2 Rb6 42. Kf3 Rd6 43. Ke3 b5 44. Rd1 Rd8 45. Kd2 Re8 46. Kc3 Re2
47. b3 Rc2+ 48. Kd4 d2 49. bxc4 bxc4 50. h6 gxh6 51. Ke5 c3 52. Ra1 Rc1 53.
Ra7+ Ke8 54. Ra8+ Kd7 55. Ra7+ Kc6 0-1

[Event "I Festival A"]
[Site "Roseto degli Abruzzi ITA"]
[Date "2010.06.05"]
[Round "2"]
[White "Salvador, Roland"]
[Black "Napoli, Nicolo'"]
[WhiteElo "2485"]
[BlackElo "2334"]
[Result "1-0"]
[PlyCount "57"]
[EventDate "2010.06.04"]

1. d4 Nf6 2. Nf3 c5 3. d5 b5 4. Bg5 Qb6 5. Bxf6 Qxf6 6. c3 d6 7. Nbd2 Nd7 8. e3
a6 9. a4 Rb8 10. axb5 axb5 11. Ra5 b4 12. Bb5 bxc3 13. Ne4 Qf5 14. Nxc3 g5 15.
e4 Qg4 16. h3 Qf4 17. g3 Qf6 18. h4 gxh4 19. Rxh4 Bg7 20. Ra7 Rxb5 21. Nxb5
Qxb2 22. Nc7+ Kd8 23. Kf1 Bf6 24. Rf4 h5 25. Qa4 Nb6 26. Qa5 Bc3 27. Qb5 Bh3+
28. Kg1 c4 29. Ng5 1-0

[Event "I Festival A"]
[Site "Roseto degli Abruzzi ITA"]
[Date "2010.06.05"]
[Round "2"]
[White "Samolins, Vitalijs"]
[Black "Epishin, Vladimir V."]
[WhiteElo "2426"]
[BlackElo "2611"]
[Result "1/2-1/2"]
[PlyCount "71"]
[EventDate "2010.06.04"]

1. e4 c5 2. Nc3 e6 3. g3 d5 4. exd5 exd5 5. Bg2 Nf6 6. d3 d4 7. Ne4 Nxe4 8.
Bxe4 Bd6 9. Qh5 Nd7 10. Bg5 Nf6 11. Bxf6 Qxf6 12. Qf3 Qxf3 13. Nxf3 O-O 14. O-O
Rb8 15. a4 b6 16. Rfe1 g6 17. b3 Rd8 18. Bd5 Kg7 19. Ne5 Bxe5 20. Rxe5 Kf8 21.
Bc6 a5 22. Rae1 Be6 23. f3 Rd6 24. Bb5 Kg7 25. g4 Rh8 26. h4 h6 27. Kf2 Kf6 28.
Kg3 g5 29. Bc4 Rg8 30. R5e2 Rg6 31. Rh2 gxh4+ 32. Rxh4 Kg7 33. Re5 Rg5 34. f4
Rxe5 35. fxe5 Rc6 36. Kf4 1/2-1/2

[Event "I Festival A"]
[Site "Roseto degli Abruzzi ITA"]
[Date "2010.06.05"]
[Round "2"]
[White "Sbraccia, Giovanni"]
[Black "Prelati, Maurizio"]
[WhiteElo "2091"]
[BlackElo "2120"]
[Result "1-0"]
[PlyCount "67"]
[EventDate "2010.06.04"]

1. d4 d5 2. Nf3 Nf6 3. Bf4 c5 4. e3 Nc6 5. c3 Qb6 6. b3 Bf5 7. Bd3 Bxd3 8. Qxd3
e6 9. Nbd2 Rc8 10. O-O cxd4 11. exd4 Ba3 12. b4 O-O 13. Rab1 a5 14. Rb3 axb4
15. cxb4 Nxb4 16. Qb1 Ra8 17. Qa1 Rfc8 18. Nb1 Nc2 19. Rxb6 Nxa1 20. Nxa3 Rxa3
21. Rxa1 Nh5 22. Be3 Rc7 23. g4 Nf6 24. Bf4 Rd7 25. Bd6 Ra4 26. Rc1 h6 27. Rc8+
Kh7 28. Ne5 Rxd4 29. Nxd7 Rxg4+ 30. Kf1 Nxd7 31. Rxb7 Nf6 32. Rxf7 d4 33. f3
Rg6 34. Be5 1-0

[Event "I Festival A"]
[Site "Roseto degli Abruzzi ITA"]
[Date "2010.06.05"]
[Round "2"]
[White "Sveshnikov, Vladimir"]
[Black "Romanishin, Oleg M."]
[WhiteElo "2382"]
[BlackElo "2519"]
[Result "0-1"]
[PlyCount "58"]
[EventDate "2010.06.04"]

1. e4 e5 2. Nf3 Nc6 3. Bc4 Nf6 4. Ng5 d5 5. exd5 Na5 6. Bb5+ c6 7. dxc6 bxc6 8.
Qf3 Be7 9. Bxc6+ Nxc6 10. Qxc6+ Bd7 11. Qf3 O-O 12. Nc3 Ng4 13. h3 Nh6 14. Nge4
Nf5 15. Qd1 Nd4 16. d3 f5 17. Nd2 Bc6 18. O-O Rf6 19. Nc4 Rg6 20. f3 Bc5 21.
Be3 f4 22. Bxd4 Bxd4+ 23. Kh2 Bd7 24. Ne4 Qh4 25. Qe2 Rg3 26. Nf2 Rf8 27. c3
Bxf2 28. Rxf2 Rf5 29. Rh1 Rxh3+ 0-1

[Event "I Festival A"]
[Site "Roseto degli Abruzzi ITA"]
[Date "2010.06.05"]
[Round "2"]
[White "Vita, Fabrizio"]
[Black "Seyfried, Claus"]
[WhiteElo "2082"]
[BlackElo "2087"]
[Result "1/2-1/2"]
[PlyCount "67"]
[EventDate "2010.06.04"]

1. c4 e5 2. Nc3 Nf6 3. Nf3 Nc6 4. g3 Bb4 5. Nd5 Nxd5 6. cxd5 Nd4 7. Bg2 Nxf3+
8. Bxf3 O-O 9. O-O Qe7 10. d3 a5 11. Be3 f5 12. Qb3 a4 13. Qc4 Bd6 14. Rac1 b6
15. Bd2 Ba6 16. Qxa4 e4 17. Bg2 Bxd3 18. Qd1 Ba6 19. a3 Rac8 20. Re1 Bb7 21.
Bc3 Qf7 22. Qd4 Bc5 23. Qe5 Rfe8 24. Qf4 Bd6 25. Qg5 h6 26. Qe3 Bxd5 27. Red1
Bb3 28. Rxd6 cxd6 29. Qxb6 Rc6 30. Qd4 Rec8 31. g4 Be6 32. Rd1 Rf8 33. f4 Re8
34. e3 1/2-1/2

[Event "I Festival A"]
[Site "Roseto degli Abruzzi ITA"]
[Date "2010.06.06"]
[Round "3"]
[White "Ansell, Simon T."]
[Black "Salvador, Roland"]
[WhiteElo "2384"]
[BlackElo "2485"]
[Result "1/2-1/2"]
[PlyCount "111"]
[EventDate "2010.06.04"]

1. e4 c5 2. Nf3 e6 3. d3 d5 4. Nbd2 Nc6 5. g3 Bd6 6. Bg2 Nge7 7. O-O O-O 8. Nh4
b5 9. f4 c4 10. e5 Bc5+ 11. Kh1 Bb7 12. Ndf3 Qb6 13. g4 Ng6 14. Qe1 cxd3 15.
cxd3 Nb4 16. d4 Be7 17. Nxg6 fxg6 18. Qd1 Rac8 19. Rf2 Qc6 20. a3 Nc2 21. Rb1
b4 22. axb4 Nxb4 23. Be3 Nc2 24. Bd2 Qb6 25. h3 Ba6 26. Bf1 Bxf1 27. Qxf1 Qb3
28. Qd1 Qd3 29. Bc3 Qxd1+ 30. Rxd1 Rxf4 31. Rxc2 Rxf3 32. Kg2 Re3 33. Rf2 Bd8
34. Rdf1 Be7 35. Ra1 Bh4 36. Rf3 Rxf3 37. Kxf3 Rc7 38. Ra6 Kf7 39. Ke3 Rb7 40.
Kd3 Bd8 41. Ra1 Ke8 42. Rf1 Be7 43. Ra1 Kd7 44. Rf1 Ke8 45. Ra1 Bd8 46. Rf1 h5
47. Kc2 Bb6 48. g5 Rf7 49. Rxf7 Kxf7 50. h4 Ke8 51. Kb3 Kd8 52. Ka4 Kc7 53. Kb3
Bxd4 54. Ba5+ Bb6 55. Bb4 Kd8 56. Ba5 1/2-1/2

[Event "I Festival A"]
[Site "Roseto degli Abruzzi ITA"]
[Date "2010.06.06"]
[Round "3"]
[White "Bellincampi, Stefano"]
[Black "Pienabarca, Nicola"]
[WhiteElo "2046"]
[BlackElo "2097"]
[Result "1/2-1/2"]
[PlyCount "74"]
[EventDate "2010.06.04"]

1. e4 e5 2. Nf3 Nc6 3. Bc4 Nf6 4. d3 Bc5 5. c3 a6 6. Bb3 O-O 7. Bg5 Be7 8. Nbd2
d5 9. Bxf6 Bxf6 10. Bxd5 Ne7 11. Bb3 Qxd3 12. Qe2 Qxe2+ 13. Kxe2 Ng6 14. g3 Re8
15. Nc4 Be6 16. Ne3 Bxb3 17. axb3 Ne7 18. Rhd1 Rad8 19. b4 Nc8 20. Nc4 Nb6 21.
Nxb6 cxb6 22. Nd2 Rc8 23. Nf1 Kf8 24. Ne3 Red8 25. Nd5 b5 26. Rd3 Re8 27. Rad1
Bd8 28. Ne3 Bc7 29. Rd7 Re7 30. Rxe7 Kxe7 31. Nf5+ Kf6 32. Rd5 Rd8 33. Ne3 Ke6
34. Rxd8 Bxd8 35. Nd5 f5 36. f3 fxe4 37. fxe4 Bg5 1/2-1/2

[Event "I Festival A"]
[Site "Roseto degli Abruzzi ITA"]
[Date "2010.06.06"]
[Round "3"]
[White "Cocchi, Andrea"]
[Black "Braschi, Giancarlo"]
[WhiteElo "2244"]
[BlackElo "2062"]
[Result "1-0"]
[PlyCount "61"]
[EventDate "2010.06.04"]

1. Nf3 c5 2. c4 Nc6 3. g3 g6 4. Bg2 Bg7 5. Nc3 a6 6. O-O Rb8 7. e3 b5 8. cxb5
axb5 9. d4 d6 10. Ng5 Bd7 11. dxc5 dxc5 12. Qd5 e6 13. Qd6 Qe7 14. Rd1 Qxd6 15.
Rxd6 Ne5 16. f4 h6 17. Nge4 Nc4 18. Ra6 b4 19. Na4 Bb5 20. Ra7 Ne7 21. Nexc5
Nd5 22. Nxe6 fxe6 23. Rxg7 Bxa4 24. b3 Ncxe3 25. bxa4 Nxg2 26. Kxg2 Rc8 27. Kf3
Rc2 28. a5 Ne7 29. Be3 Nf5 30. Rb7 Rc3 31. Rb8+ 1-0

[Event "I Festival A"]
[Site "Roseto degli Abruzzi ITA"]
[Date "2010.06.06"]
[Round "3"]
[White "Dinter, Brian"]
[Black "Sveshnikov, Vladimir"]
[WhiteElo "2116"]
[BlackElo "2382"]
[Result "0-1"]
[PlyCount "66"]
[EventDate "2010.06.04"]

1. d4 d5 2. Bf4 Nf6 3. e3 c5 4. c3 Qb6 5. Qb3 c4 6. Qc2 Nc6 7. Nd2 Nh5 8. Be5
Nxe5 9. dxe5 g6 10. Be2 Bf5 11. Qc1 Ng7 12. Ngf3 Ne6 13. h3 Nc5 14. O-O Bg7 15.
g4 Bd3 16. Bxd3 Nxd3 17. Qc2 O-O 18. b3 Qa6 19. bxc4 dxc4 20. Rfd1 Rad8 21.
Rab1 Nxe5 22. Nxe5 Bxe5 23. Nf3 Bg7 24. Nd4 e5 25. Ne2 Rd3 26. Nc1 Rxd1+ 27.
Qxd1 Qc6 28. a4 Bf6 29. Na2 Rd8 30. Qe2 Qf3 31. Nb4 a5 32. Na2 e4 33. Re1 Be5
0-1

[Event "I Festival A"]
[Site "Roseto degli Abruzzi ITA"]
[Date "2010.06.06"]
[Round "3"]
[White "Epishin, Vladimir V."]
[Black "Rotstein, Arkadij"]
[WhiteElo "2611"]
[BlackElo "2538"]
[Result "1/2-1/2"]
[PlyCount "53"]
[EventDate "2010.06.04"]

1. d4 Nf6 2. Nf3 d5 3. c4 e6 4. Bg5 Bb4+ 5. Nbd2 dxc4 6. e3 c3 7. bxc3 Bxc3 8.
Rc1 Bb4 9. Bd3 Nc6 10. O-O O-O 11. Bb1 Be7 12. Qb3 Nd5 13. Bxe7 Qxe7 14. Rc5 a5
15. a3 a4 16. Qd3 g6 17. Ba2 Rd8 18. Rfc1 Ra5 19. h4 Nf6 20. Ne4 Rxc5 21. Nxc5
b6 22. Nxa4 Bb7 23. Nb2 Ra8 24. Nc4 Nb4 25. axb4 Rxa2 26. Qb3 Ra8 27. Nce5
1/2-1/2

[Event "I Festival A"]
[Site "Roseto degli Abruzzi ITA"]
[Date "2010.06.06"]
[Round "3"]
[White "Marholev, Dimitar"]
[Black "Pap, Misa"]
[WhiteElo "2433"]
[BlackElo "2504"]
[Result "1/2-1/2"]
[PlyCount "45"]
[EventDate "2010.06.04"]

1. Nf3 c5 2. c4 Nf6 3. g3 b6 4. Bg2 Bb7 5. O-O e6 6. Nc3 a6 7. Re1 Be7 8. e4 d6
9. d4 cxd4 10. Nxd4 Qc7 11. Be3 Nbd7 12. f4 h5 13. h3 Rc8 14. Rc1 Qb8 15. Qe2
Qa8 16. Bf2 O-O 17. g4 hxg4 18. hxg4 g6 19. g5 Nh5 20. Qg4 Rce8 21. Nxe6 fxe6
22. Qxe6+ Kh7 23. Qf7+ 1/2-1/2

[Event "I Festival A"]
[Site "Roseto degli Abruzzi ITA"]
[Date "2010.06.06"]
[Round "3"]
[White "Napoli, Nicolo'"]
[Black "Sbraccia, Giovanni"]
[WhiteElo "2334"]
[BlackElo "2091"]
[Result "1/2-1/2"]
[PlyCount "27"]
[EventDate "2010.06.04"]

1. d4 Nf6 2. Nc3 d5 3. Bg5 b6 4. Bxf6 gxf6 5. e4 dxe4 6. d5 Bg7 7. Nxe4 Nd7 8.
Bb5 Kf8 9. Nf3 Nc5 10. Nxc5 bxc5 11. O-O Qd6 12. Qd3 Qf4 13. Rfe1 Qd6 14. g3
1/2-1/2

[Event "I Festival A"]
[Site "Roseto degli Abruzzi ITA"]
[Date "2010.06.06"]
[Round "3"]
[White "Neubauer, Kai"]
[Black "Di Donatantonio, Franco"]
[WhiteElo "2028"]
[BlackElo "2136"]
[Result "1-0"]
[PlyCount "45"]
[EventDate "2010.06.04"]

1. d4 d6 2. c4 Nf6 3. Nc3 Nbd7 4. e4 e5 5. Nf3 Be7 6. Be2 O-O 7. O-O c6 8. d5
Nc5 9. Qc2 Bg4 10. b4 Ncd7 11. a4 Bh5 12. Ba3 Bg6 13. Nd2 Rc8 14. Qb3 Nh5 15.
Rfe1 Nf4 16. Bf1 Bg5 17. Nf3 Bh5 18. Ne2 Qf6 19. Nxg5 Bxe2 20. Nxh7 Qg6 21.
Nxf8 Nxf8 22. Rxe2 Nxe2+ 23. Bxe2 1-0

[Event "I Festival A"]
[Site "Roseto degli Abruzzi ITA"]
[Date "2010.06.06"]
[Round "3"]
[White "Romanishin, Oleg M."]
[Black "Bove, Alessandro"]
[WhiteElo "2519"]
[BlackElo "2346"]
[Result "1-0"]
[PlyCount "153"]
[EventDate "2010.06.04"]

1. d4 Nf6 2. Nf3 c5 3. d5 g6 4. Nc3 Bg7 5. d6 Nc6 6. Bf4 Nh5 7. dxe7 Bxc3+ 8.
bxc3 Qa5 9. Bd2 Nxe7 10. c4 Qa3 11. e4 d6 12. Be2 Nf6 13. Bd3 Nc6 14. O-O Ne5
15. Nxe5 dxe5 16. Bg5 Qa6 17. Qf3 Nh5 18. Qe3 Qc6 19. Be2 f6 20. Bh6 Be6 21.
Rad1 Qc7 22. g3 Rd8 23. f4 Rxd1 24. Rxd1 exf4 25. gxf4 Ng7 26. Bxg7 Qxg7 27.
Qxc5 Qe7 28. Qb5+ Kf7 29. c5 Kg7 30. Rd6 Rc8 31. Qb4 b6 32. cxb6 axb6 33. Qxb6
Bxa2 34. Bd3 Bf7 35. Qd4 Rc7 36. Kf2 Be6 37. Ke3 Rd7 38. Rxd7 Bxd7 39. Qa7 Kf8
40. Qb8+ Be8 41. Qb6 Kg7 42. Kd2 Bf7 43. Qd4 Qb7 44. h4 Qc6 45. c4 Qa4 46. e5
fxe5 47. fxe5 Be6 48. Qc5 Qa2+ 49. Ke3 Qh2 50. Qe7+ Bf7 51. Qf6+ Kg8 52. Qf4
Qg1+ 53. Kd2 Qb6 54. Qe4 Qb4+ 55. Ke2 Qb2+ 56. Ke1 Qb4+ 57. Kf2 Be6 58. Be2
Qf8+ 59. Qf3 Qc5+ 60. Qe3 Qe7 61. Qd4 Qf8+ 62. Kg3 Qb4 63. Qd8+ Qf8 64. Qxf8+
Kxf8 65. c5 Ke7 66. Kf4 Bc8 67. Bg4 Bb7 68. Kg5 Be4 69. Kh6 Kf7 70. Kg5 Ke7 71.
Kf4 Bb7 72. Bf3 Ba6 73. Bd5 h6 74. c6 Bc8 75. Be4 Kf7 76. Bd3 Be6 77. Ba6 1-0

[Event "I Festival A"]
[Site "Roseto degli Abruzzi ITA"]
[Date "2010.06.06"]
[Round "3"]
[White "Seyfried, Claus"]
[Black "Barlocco, Carlo"]
[WhiteElo "2087"]
[BlackElo "2156"]
[Result "0-1"]
[PlyCount "112"]
[EventDate "2010.06.04"]

1. e4 Nf6 2. e5 Nd5 3. d4 d6 4. c4 Nb6 5. f4 dxe5 6. fxe5 Nc6 7. Be3 Bf5 8. Nc3
e6 9. Nf3 Bg4 10. Qd2 Bxf3 11. gxf3 Qh4+ 12. Qf2 Be7 13. O-O-O Qxf2 14. Bxf2
Bg5+ 15. Kb1 O-O-O 16. Rg1 Bh6 17. Ne4 Nxe5 18. c5 Na8 19. Ng5 Bxg5 20. Rxg5
Ng6 21. h4 Rd5 22. Rxd5 exd5 23. Re1 Kd8 24. h5 Nf4 25. Bh4+ f6 26. h6 g5 27.
Bg3 Ng6 28. Bh3 Ne7 29. Re6 Rf8 30. Kc2 Ng8 31. f4 g4 32. Bg2 Nxh6 33. Bh4 Ng8
34. Bxd5 c6 35. Be4 Nc7 36. Rd6+ Ke7 37. Bxh7 Ne8 38. Bf5 Nxd6 39. cxd6+ Kxd6
40. Bxg4 Nh6 41. Bh3 f5 42. Be1 Rg8 43. Kd3 Ng4 44. Bf1 Re8 45. Bb4+ Kd7 46.
Bd2 Nf2+ 47. Kc4 b5+ 48. Kb4 Ne4 49. Be1 Kd6 50. Bh3 Kd5 51. Bc3 Nxc3 52. bxc3
Rf8 53. Bg2+ Kd6 54. c4 bxc4 55. Kxc4 Rh8 56. Kd3 Rh2 0-1

[Event "I Festival A"]
[Site "Roseto degli Abruzzi ITA"]
[Date "2010.06.06"]
[Round "3"]
[White "Sveshnikov, Evgeny E."]
[Black "Samolins, Vitalijs"]
[WhiteElo "2493"]
[BlackElo "2426"]
[Result "1/2-1/2"]
[PlyCount "68"]
[EventDate "2010.06.04"]

1. d4 f5 2. Bg5 h6 3. Bh4 g5 4. e3 Nf6 5. Bg3 d6 6. h4 Rg8 7. hxg5 hxg5 8. Nc3
e6 9. Qd2 a6 10. O-O-O d5 11. Bd3 Nc6 12. Nf3 Bd7 13. Ne5 Bd6 14. Rh6 Qe7 15.
f3 O-O-O 16. Rdh1 Rg7 17. Ne2 Be8 18. a3 Bxe5 19. Bxe5 Nxe5 20. dxe5 Ng8 21.
Rh8 c5 22. g4 fxg4 23. fxg4 Bc6 24. Ng3 Qc7 25. Nh5 Rf7 26. Qh2 c4 27. Bg6 Rff8
28. Rh7 Qb6 29. Re1 c3 30. bxc3 Qa5 31. Kb2 Qb5+ 32. Kc1 Qa5 33. Kb2 Qb5+ 34.
Kc1 Qa5 1/2-1/2